Noble Houses - Statistics

General Stats
  • This quiz has been taken 51 times
  • The average score is 22 of 53
Answer Stats
Hint Particle Answer % Correct
Rulers of the Archduchy of Austria von Habsburg
98%
Kings of France and Navarre; established French absolutism de Bourbon
95%
Famous lords of Florence and Tuscany de Medici
80%
Kings of the Netherlands and the UK - Orange-Nassau
78%
Rulers of Brandenburg-Prussia von Hohenzollern
75%
House of Peter the Great and Nicolas II - Romanov
75%
Beginning from low Corsican nobility, this great conqueror spread his brothers across Europe until being defeated and exiled - Bonaparte
73%
Scottish dynasty which inherited England and participated in its Civil War - Stuart
73%
Dynasty that ruled France during the Hundread Years' War de Valois
73%
Original dynasty of the Chinese Empire - Han
65%
Ruling dynasty of China during the Century of Humiliation - Qing
65%
Italian dynasty that eventually united the peninsula in 1861 di Savoia
63%
Chinese dynasty with the Mandate of Heaven in the 14th and 15th centuries - Ming
60%
At various points ruled Bavaria, the Palatinate and the Kalmar Union von Wittelsbach
53%
Greatest Arab dynasty with a capital in Baghdad - Abbasid
50%
Ruling dynasty of the Ottoman Empire - Osman
50%
Sucessors of the Parthian Empire; destroyed by the early Arab conquests - Sassanid
50%
Dukes of Milan at the onset of the Italian Wars - Sforza
50%
Cadet branch of the Valois dynasty that established a massive state in Western Europe; its many holdings were inherited by the Habsburgs de Bourgogne
48%
First Arab dynasty with a capital in Damascus - Umayyad
48%
Diadochi whose empire centered around Babylon - Seleucid
45%
First Caliphs of Egypt - Fatimid
43%
Emperors of the HRE during the Investiture Controversy von Hohenstaufen
43%
Ruled Bohemia and fiefs in the Lowlands from 1310 to 1437 de Luxembourg
43%
Under this dynasty Byzantium experienced a power restoration, culminating with Basil II - Macedonian
43%
Diadochi which got Egypt - Ptolemaic
43%
Dynasty of Isabella of Castile and Ferdinand of Aragon de Trastamara
43%
Dynasty of Sweden from 1517 - Vasa
43%
Original dynasty of Hungary - Arpad
40%
Its member Alexios invited the men of the First Crusade to Byzantium - Komnenos
38%
A Turkic dynasty that conquered much of Persia, India and the Levant; defeated the Ottomans at Ankara in 1402 - Timurid
38%
Native dynasty of Saxony von Wettin
38%
Kings of Poland and Hungary; Grand Dukes of Lithuania; one died at Varna in 1444 - Jagiellon
35%
Original dynasty of Poland; then found refuge in Silesia - Piast
35%
Persian dynasty of Xerxes and Darius - Achaemenid
33%
Ruled both Byzantium and Montferrat - Palaiologos
33%
Portuguese dynasty with ties to Burgundy de Aviz
30%
Dynasty of Salad al-Din, better known as Saladin - Ayyubid
30%
Muslim Persian dynasty established in the 16th century from the small state of Ardabil - Safavid
28%
Greatesr Moroccan dynasty that ruled much of Al-Andalus - Almoravid
25%
Moroccan dynasty that founded Marakkesh - Almohad
23%
A Portuguese branch of the Bourbons - Braganca
23%
Wallachian dynasty which resisted the Ottomans; example - Vlad the Impaler - Draculesti
23%
Rulers of a French county in the Pyrenees de Foix
23%
Diadochi which got Macedon - Antigonid
20%
Dynasty that ruled the last Iberian Muslim stronghold - Granada - Nasrid
13%
Original dynasty of Bohemia - Premyslid
13%
Original dynasty of the Kyivan Rus' and Russia - Rurikovich
13%
Last Dukes of Brittany de Dreux
10%
Dynasty of Alexander and Philip of Macedon - Argead
8%
Founded the Serbian Empire - Dusan
5%
Mongolian dynasty that founded a massive empire - Genghisid
5%
Original Bulgarian dynasty of Asparukh and Tervel - Dulo
0%
No matching quizzes found
Score Distribution
Percent of People with Each Score
Percentile by Number Answered
Your Score History
You have not taken this quiz